000 00839nam a2200253Ia 4500
003 OSt
005 20220918170949.0
006 a|||||r|||| 00| 0
007 ta
008 220917b |||||||| |||| 00| 0 eng d
020 _a9781107043855 (hbk)
_c995
024 _a270,536
037 _bCBS/14, 31/05/2013, Classic Book Service
_cTextual
040 _aARTS
_cARTS
_beng
041 _2eng
_aeng
082 _aR61,4,(V1:19(zM)), Q3
100 _aRoy Kaushik
_928322
245 0 _aHinduism and the ethics of warfare in South Asia
_b From antiquity to the present
260 _aNew York
_bCambridge University Press U.S.A
_c2013
300 _axix, 288p.
_ccm.
650 _aPHILOSOPHY
942 _hR61,4,(V1:19(zM)), Q3
_cTEXL
_2CC
999 _c136955
_d136955